000 00829nam a2200217 i 4500
001 184512
003 ES-MaACL
005 20260217134822.0
008 150925m19161918sp |||| | spa d
100 1 _aGarcía Ciprés, Gregorio.
_954371
245 1 0 _aDiccionario heráldico /
_cpor Gregorio García Ciprés.
260 _a[S.l. :
_bs.n.],
_c1916-1918 (
_eHuesca :
_fTip. de la Viuda de Leandro Pérez)
300 _a2 v. ;
_c16 cm.
505 8 _aContiene: [1]. Aragón [2]. Cataluña
530 _aDisponible en formato digital.
650 0 4 _aHeráldica-
_vDiccionarios.
_913316
852 _aES-MaACL
_jG-6408(2-3)
_z Encuadernado con otras obras
_cDEPO2
856 4 _uhttps://bvpb.mcu.es/es/consulta/registro.do?id=577718
_yBiblioteca Virtual del Patrimonio Bibliográfico
942 _2udc
999 _c184512
_d184512